MARC

LEADER 00000nam0a2200000 4500
001 350582
005 20231102010321.0
035 |a (RuTPU)RU\TPU\retro\4730 
090 |a 350582 
100 |a 20190208d1943 k y0rusy50 ca 
101 0 |a rus 
102 |a RU 
105 |a a z 001zy 
200 1 |a Физика молнии и грозозащита  |f И. С. Стекольников  |g Академия наук СССР (АН СССР), Энергетический институт им. Г. М. Кржижановского 
210 |a Москва  |a Ленинград  |c Издательство Академии наук СССР  |d 1943 
215 |a 230 с.  |c ил. 
316 |5 63413507: КР-5962  |a На форзаце дарственная надпись: "Дорогому Александру Акимовичу Воробьеву на память об успехах работы в Томске. г. Москва 11.5.44" 
317 |5 63413507: КР-5962  |a Поступил в НТБ в 1987 г. в дар от вдовы ученого Е. К. Завадовской 
320 |a Библиогр.: с. 228 
606 1 |a Молния  |2 stltpush  |3 (RuTPU)RU\TPU\subj\44341  |9 63690 
606 1 |a Грозозащита  |2 stltpush  |3 (RuTPU)RU\TPU\subj\39192  |9 59381 
610 1 |a грозы 
610 1 |a образование 
610 1 |a изучение 
610 1 |a методы 
610 1 |a аппараты 
610 1 |a исследования 
610 1 |a результаты 
610 1 |a шаровые молнии 
610 1 |a воздействия 
610 1 |a молниеотводы 
610 1 |a библиотека А. А. Воробьева 
610 1 |a дары библиотеке 
610 1 |a дарственная надпись 
610 1 |a коллекция: 1941-1945 гг. 
610 1 |a Великая Отечественная война 1941-1945 
675 |a 551.594.2  |v 4 
675 |a 621.316.98  |v 4 
700 1 |a Стекольников  |b И. С. 
712 0 2 |a Академия наук СССР (АН СССР)  |b Энергетический институт им. Г. М. Кржижановского  |c (Москва)  |c (1930-1961)  |2 stltpush  |3 (RuTPU)RU\TPU\col\14865 
801 1 |a RU  |b 63413507  |c 20190208 
801 2 |a RU  |b 63413507  |c 20230822  |g RCR 
942 |c BK